Foundation Course in Human Values and Professional Ethics: Presenting a Universal Approach to Value Education-through Self-exploration (Record no. 12083)

MARC details
000 -LEADER
fixed length control field 00573nam a22001937a 4500
003 - CONTROL NUMBER IDENTIFIER
control field OSt
008 - FIXED-LENGTH DATA ELEMENTS--GENERAL INFORMATION
fixed length control field 231009b |||||||| |||| 00| 0 eng d
020 ## - INTERNATIONAL STANDARD BOOK NUMBER
International Standard Book Number 9789387034471
082 ## - DEWEY DECIMAL CLASSIFICATION NUMBER
Classification number 170 GAF
100 ## - MAIN ENTRY--PERSONAL NAME
Personal name GAUR, R.R.
245 ## - TITLE STATEMENT
Title Foundation Course in Human Values and Professional Ethics: Presenting a Universal Approach to Value Education-through Self-exploration
250 ## - EDITION STATEMENT
Edition statement 2nd Revised ed.
260 ## - PUBLICATION, DISTRIBUTION, ETC. (IMPRINT)
Place of publication, distribution, etc New Delhi
Name of publisher, distributor, etc Excel Books
Date of publication, distribution, etc 2019
300 ## - PHYSICAL DESCRIPTION
Extent 348 p.
650 ## - SUBJECT ADDED ENTRY--TOPICAL TERM
Topical term or geographic name as entry element Political Science
700 ## - ADDED ENTRY--PERSONAL NAME
Personal name ASTHANA, R.
700 ## - ADDED ENTRY--PERSONAL NAME
Personal name BAGARIA, G.P.
942 ## - ADDED ENTRY ELEMENTS (KOHA)
Source of classification or shelving scheme Dewey Decimal Classification
Koha item type Text Books
Holdings
Withdrawn status Lost status Source of classification or shelving scheme Damaged status Not for loan Collection code Home library Current library Date acquired Source of acquisition Currency Cost, normal purchase price Bill Number Total Checkouts Full call number Acc. no. / Barcode Date last seen Actual Cost, discounted price Bill Date Koha item type Date last borrowed
    Dewey Decimal Classification     BA(GEN) PIET NCR College Library PIET NCR College Library 30/09/2023 Kirti Prakashan In Rupees 395.00 IN1021   170 GAF N3419 09/10/2023 264.65 30/09/2023 Reference Books  
    Dewey Decimal Classification     BA(GEN) PIET NCR College Library PIET NCR College Library 30/09/2023 Kirti Prakashan In Rupees 395.00 IN1021 6 170 GAF N3420 03/10/2025 264.65 30/09/2023 Text Books 15/09/2025
    Dewey Decimal Classification     BA(GEN) PIET NCR College Library PIET NCR College Library 30/09/2023 Kirti Prakashan In Rupees 395.00 IN1021 1 170 GAF N3421 23/11/2023 264.65 30/09/2023 Text Books 07/11/2023
    Dewey Decimal Classification     BA(GEN) PIET NCR College Library PIET NCR College Library 30/09/2023 Kirti Prakashan In Rupees 395.00 IN1021 5 170 GAF N3422 28/11/2025 264.65 30/09/2023 Text Books 25/11/2025
    Dewey Decimal Classification     BA(GEN) PIET NCR College Library PIET NCR College Library 30/09/2023 Kirti Prakashan In Rupees 395.00 IN1021 2 170 GAF N3423 03/10/2025 264.65 30/09/2023 Text Books 19/09/2025
    Dewey Decimal Classification     BA(GEN) PIET NCR College Library PIET NCR College Library 30/09/2023 Kirti Prakashan In Rupees 395.00 IN1021 4 170 GAF N3424 27/11/2025 264.65 30/09/2023 Text Books 18/11/2025
    Dewey Decimal Classification     BA(GEN) PIET NCR College Library PIET NCR College Library 30/09/2023 Kirti Prakashan In Rupees 395.00 IN1021 4 170 GAF N3425 15/10/2025 264.65 30/09/2023 Text Books 24/09/2025
    Dewey Decimal Classification     BA(GEN) PIET NCR College Library PIET NCR College Library 30/09/2023 Kirti Prakashan In Rupees 395.00 IN1021 1 170 GAF N3426 24/11/2023 264.65 30/09/2023 Text Books 21/11/2023
    Dewey Decimal Classification     BA(GEN) PIET NCR College Library PIET NCR College Library 30/09/2023 Kirti Prakashan In Rupees 395.00 IN1021   170 GAF N3427 09/10/2023 264.65 30/09/2023 Text Books  
    Dewey Decimal Classification     BA(GEN) PIET NCR College Library PIET NCR College Library 30/09/2023 Kirti Prakashan In Rupees 395.00 IN1021   170 GAF N3428 09/10/2023 264.65 30/09/2023 Text Books  

Design & Developed by: PIET Central Library
R70 Miles Stone Pattikalyana Samalkha Panipat 132102
mail ID :- [email protected], Phone No:- 0180-2569700 Ex.216